000 00806cam a2200265 a 4500
001 000014834
003 DO-SdBNP
005 20231114125021.0
008 840702s1984 mx 000 e spa d
020 _a9682310202
040 _aDO-SdBNP
_bspa
_cBNPHU
082 4 _a330.98
_bG152v, 1984
_222
100 1 _aGaleano, Eduardo H.,
_d1940-
_923356
245 1 4 _aLas venas abiertas de América Latina /
_cEduardo Galeano.
250 _a38a. ed.
260 _aMéxico :
_bSiglo Veintiuno,
_c1984.
300 _a486 p. ;
_c18 cm.
500 _aIncluye índice.
651 4 _aAmérica Latina
_xCondiciones económicas
_95778
651 4 _aAmérica Latina
_xCondiciones sociales
_95034
651 4 _aAmérica Latina
_xHistoria
_91786
910 _aCatalogación derivada
910 _aWM
942 _2ddc
_cLBS1
999 _c14414
_d14414